| 000 -LEADER |
| fixed length control field |
01577cam a2200229 a 4500 |
| 003 - CONTROL NUMBER IDENTIFIER |
| control field |
OSt |
| 005 - DATE AND TIME OF LATEST TRANSACTION |
| control field |
20200312065032.0 |
| 008 - FIXED-LENGTH DATA ELEMENTS--GENERAL INFORMATION |
| fixed length control field |
090318s2010 nyua 000 0 eng |
| 020 ## - INTERNATIONAL STANDARD BOOK NUMBER |
| International Standard Book Number |
9781568988788 (alk. paper) |
| 040 ## - CATALOGING SOURCE |
| Original cataloging agency |
DLC |
| Transcribing agency |
DLC |
| Modifying agency |
YDX |
| -- |
PMC |
| -- |
CDX |
| -- |
DLC |
| 082 00 - DEWEY DECIMAL CLASSIFICATION NUMBER |
| Classification number |
720.23 |
| Edition number |
22 |
| Item number |
ELI |
| 245 00 - TITLE STATEMENT |
| Title |
Provisional : |
| Remainder of title |
emerging modes of architectural practice USA / |
| Statement of responsibility, etc |
edited by Elite Kedan, Jon Dreyfous, and Craig Mutter. |
| 246 30 - VARYING FORM OF TITLE |
| Title proper/short title |
Emerging modes of architectural practice USA |
| 260 ## - PUBLICATION, DISTRIBUTION, ETC. (IMPRINT) |
| Place of publication, distribution, etc |
New York : |
| Name of publisher, distributor, etc |
Princeton Architectural Press, |
| Date of publication, distribution, etc |
c2010. |
| 300 ## - PHYSICAL DESCRIPTION |
| Extent |
288 p. : |
| Other physical details |
ill. (some col.) ; |
| Dimensions |
27 cm. |
| 505 0# - FORMATTED CONTENTS NOTE |
| Formatted contents note |
Essays. Beyond? / Marc Tsurumaki ; Convergence : toward a digital practice / Chris Hoxie ; The digital design ecosystem : toward a pre-rational architecture / Paul Seletsky -- Completed projects -- Interviews. Chris Hoxie ; Bruce Nichol of Front -- Diagrams -- Interviews. Paul Lewis, David Lewis, and Marc Tsurumaki of Lewis.Tsurumaki.Lewis ; Gregg Pasquarelli, Christopher Sharples, Coren Sharples, and William Sharples of SHOP -- Mock-ups and renderings -- Interviews. Meejin Yoon of MY Studio ; Dennis Shelden of Gehry Technologies ; David Erdman of Servo -- Construction documents -- Interviews. Eric Bunge and Mimi Hoang of nARCHITECTS ; George Yu of George Yu Architects -- Construction/assembly -- Essays. Spread out : the lateral philosophies of George Yu / Neil Denari ; Postscript. |
| 650 #0 - SUBJECT ADDED ENTRY--TOPICAL TERM |
| Topical term or geographic name as entry element |
Architectural practice |
| Geographic subdivision |
United States. |
| 700 1# - ADDED ENTRY--PERSONAL NAME |
| Personal name |
Kedan, Elite. |
| 700 1# - ADDED ENTRY--PERSONAL NAME |
| Personal name |
Dreyfous, Jon |
| Fuller form of name |
(F. Jonathan) |
| 700 1# - ADDED ENTRY--PERSONAL NAME |
| Personal name |
Mutter, Craig. |
| 942 ## - ADDED ENTRY ELEMENTS (KOHA) |
| Source of classification or shelving scheme |
|